000 00550cam a22001932 4500
001 0000000936
005 20170406113009.0
008 131121s xx 000 0 eng d
020 _a0907271227 :
_c$
040 _aYour Holding Symbol
_cYour Holding Symbol
100 1 _aFlannery OP,Austin.
245 1 0 _aLight for my path :
_bthe new code of canon law for religious.
250 _a ed.
260 _aU.S.A :
_bDominican publication,
_c1983.
300 _a160 p. ;
_c cm.
504 _aindex.
650 0 _atheology.
908 _a131121
999 _c855
_d855